| 000 | 00617nam a2200205 i 4500 | ||
|---|---|---|---|
| 001 | 26782 | ||
| 003 | ES-MaACL | ||
| 005 | 20230906153512.0 | ||
| 007 | t| | ||
| 008 | 030110s1962 sp ||||1| spa d | ||
| 080 | _a353(460.152) | ||
| 100 | 1 |
_aArregui y Sabarte, Pedro de. _923257 |
|
| 245 | 1 | 0 |
_aDerecho natural de Vizcaya / _cPedro Arregui y Sabarte. |
| 260 |
_aBilbao : _b[s.n., _c1962] ( _fGráf. Ellacuria) |
||
| 300 |
_a111 p. ; _c25 cm. |
||
| 651 | 4 |
_aVizcaya- _xAdministración. _9173768 |
|
| 651 | 4 |
_aVizcaya- _xSituación económica. _9164526 |
|
| 852 | 4 |
_aES-MaACL _jC-21851 |
|
| 852 | 4 |
_aES-MaACL _jC-22835 |
|
| 999 |
_c26782 _d26782 |
||